MARC

Tag First Indicator Second Indicator Subfields
LEADER 00000cam a2200000 a 4500
001 in00000084723
005 20151008053213.0
008 820428s1981 fr a b i10000 eng
010 |a  81162216  
015 |a F*** 
020 |a 9264121625 (pbk.) 
035 |a (OCoLC)08452703 
035 |9 AAH6644AM 
039 0 |a 2  |b 3  |c 3  |d 3  |e 3 
040 |a DLC  |c DLC  |d TXA  |d UtOrBLW 
049 |a TXAM  |c [1502539] 
050 0 0 |a HD9696.A2  |b M5 
082 0 |a 338.4/76213817  |2 19 
245 0 0 |a Microelectronics, productivity, and employment. 
264 1 |a Paris :  |b OECD ;  |a [Washington, D.C.] :  |b [sold by OECD Publications and Information Centre],  |c [1981] 
300 |a 290 pages :  |b illustrations ;  |c 24 cm. 
336 |a text  |b txt  |2 rdacontent 
337 |a unmediated  |b n  |2 rdamedia 
338 |a volume  |b nc  |2 rdacarrier 
490 1 |a Information, computer, communications policy ;  |v 5 
500 |a "Contains the proceedings of a Special Session of the Working Party on Information, Computer, and Communications Policy on 'Impacts of Microelectronics on Productivity and Employment', which was held from 27th-29th November, 1979 at the OECD in Paris"--P. 7. 
504 |a Includes bibliographical references. 
650 0 |a Electronic industries  |x Technological innovations  |x Congresses. 
650 0 |a Microelectronics  |v Congresses. 
650 0 |a Labor productivity  |v Congresses. 
650 0 |a Labor supply  |v Congresses. 
710 2 |a Organisation for Economic Co-operation and Development.  |b Working Party on Information, Computer, and Communications Policy. 
830 0 |a Information, computer, communications policy ;  |v 5. 
999 |a MARS 
999 f f |s 911b8c57-68d0-35f5-8460-2068c8c3f7c5  |i 19db8d74-6feb-3a9a-aa31-21ed7439060c  |t 0 
952 f f |p ric  |a Texas A&M University  |b Rellis Campus  |c Joint Library Facility  |d Remote Storage  |t 0  |e HD9696.A2 M5  |h Library of Congress classification  |i unmediated -- volume  |m A14806131848 
998 f f |a HD9696.A2 M5  |t 0  |l Remote Storage